Novelistas anteriores a Cervantes

Furkejuvvon:
Bibliográfalaš dieđut
Searvvušdahkki: Biblioteca de autores españoles
Materiálatiipa: Girji
Giella:Undetermined
Almmustuhtton: Madrid, España Rivadeneyra 1876
Fáttát:
Fáddágilkorat: Lasit fáddágilkoriid
Eai fáddágilkorat, Lasit vuosttaš fáddágilkora!

MARC

LEADER 00000nam a2200000Ia 4500
008 170316s9999 xx 000 0 und d
110 |a Biblioteca de autores españoles 
245 |a Novelistas anteriores a Cervantes 
260 |a Madrid, España 
260 |b Rivadeneyra 
260 |c 1876 
300 |a 690 páginas Tomo III 
650 |a REFERENCIA 
999 |c 30183  |d 30183 
040 |a cru BVZT 
942 |c 15 D  |2 z